[Event "Navarra-chT"]
[Site "Navarra"]
[Date "2016.10.22"]
[Round "3.5"]
[White "Estevez Abeytua, Ramon"]
[Black "Jimenez Martin, Gustavo"]
[Result "0-1"]
[WhiteElo "1727"]
[BlackElo "2169"]
[PlyCount "76"]
[EventDate "2016.10.08"]
[EventType "team-tourn"]
[EventRounds "7"]
[EventCountry "ESP"]
[SourceTitle "CBM 175 Extra"]
[Source "ChessBase"]
[SourceDate "2016.12.12"]
[SourceVersion "1"]
[SourceVersionDate "2016.12.12"]
[SourceQuality "1"]
[WhiteTeam "Runa"]
[BlackTeam "Orvina"]
[WhiteTeamCountry "ESP"]
[BlackTeamCountry "ESP"]

1. d4 d5 2. Nf3 e6 3. e3 f5 4. Ne5 Nf6 5. Bd3 Bd6 6. f4 0-0 7. 0-0 b6 8. Nd2 Bb7 9. Ndf3 c5 10. c3 Nbd7 11. Ng5 Qe7 12. Qf3 Ne4 13. Bxe4 dxe4 14. Qh3 Nf6 15. Qh4 Qe8 16. Bd2 Rc8 17. Rad1 cxd4 18. exd4 h6 19. Nh3 Nd5 20. Rfe1 b5 21. Rc1 a5 22. g4 Bxe5 23. dxe5 Qg6 24. g5 Rfd8 25. Be3 Nxe3 26. Rxe3 Rd2 27. Rg3 h5 28. Rg2 Rcd8 29. Rxd2 Rxd2 30. Qe1 Rd3 31. Nf2 Rf3 32. Qd1 Rxf4 33. Nh3 Rf3 34. Kg2 e3 35. Qxf3 Bxf3+ 36. Kxf3 Qe8 37. Nf4 Qc6+ 38. Kxe3 Qe4+ 0-1

[Event "Navarra-chT Preferente"]
[Site "Navarra"]
[Date "2012.11.03"]
[Round "4.6"]
[White "Estevez Abeytua, Ramon"]
[Black "Bernal Gomez, Alejandro"]
[Result "0-1"]
[WhiteElo "1819"]
[BlackElo "1858"]
[PlyCount "78"]
[EventDate "2012.10.13"]
[EventType "team"]
[EventRounds "7"]
[EventCountry "ESP"]
[SourceTitle "EXT 2014"]
[Source "ChessBase"]
[SourceDate "2013.11.20"]
[SourceVersion "1"]
[SourceVersionDate "2013.11.20"]
[SourceQuality "1"]
[WhiteTeam "Runa"]
[BlackTeam "Santa Ana"]
[WhiteTeamCountry "ESP"]
[BlackTeamCountry "ESP"]

1. d4 Nf6 2. Nf3 e6 3. Bg5 Be7 4. Nbd2 b6 5. e4 Bb7 6. Bd3 h6 7. Bh4 d6 8. 0-0 Nbd7 9. Re1 0-0 10. e5 dxe5 11. dxe5 Nd5 12. Bg3 Nc5 13. Bf1 Nb4 14. a3 Nc6 15. b4 Nd7 16. Ne4 a5 17. c3 axb4 18. cxb4 Na7 19. Qd3 Qc8 20. Bf4 Rd8 21. Qe3 Bf8 22. h4 b5 23. Nh2 Nb6 24. Qg3 Kh8 25. Bd3 Nd5 26. Rad1 Nxf4 27. Qxf4 Rd7 28. Ng4 Qd8 29. Bc2 Nc6 30. Rxd7 Qxd7 31. Rd1 Nd4 32. Kf1 Qc6 33. Bb1 Qc4+ 34. Bd3 Qb3 35. Ne3 Nf5 36. Qg4 Rd8 37. Qe2 Nxe3+ 38. fxe3 Bxe4 39. Bxe4 Qxd1+ 0-1